Coupe du monde 2022 - Buteurs - Statistiques

Statistiques générales
  • Ce quiz a été pris 270 fois
  • Le résultat moyen est 35 sur 116
Statistiques - réponses
Buts Équipe Joueur % Correct
8 France Mbappé
93%
7 Argentine Messi
91%
4 France Giroud
81%
2 Angleterre Kane
79%
1 Portugal Ronaldo
74%
1 Argentine Di Maria
65%
2 Pologne Lewandowski
64%
2 Brésil Neymar
64%
1 France Tchouaméni
64%
4 Argentine Alvarez
63%
1 France Hernandez
60%
1 France Kolo Muani
60%
1 Pays de Galles Bale
59%
3 Angleterre Saka
59%
1 Pays-Bas Depay
56%
1 Angleterre Bellingham
54%
3 Pays-Bas Gakpo
54%
3 Espagne Morata
54%
1 France Rabiot
54%
3 Équateur Valencia
53%
3 Bresil Richarlison
52%
1 Espagne Gavi
50%
1 USA Pulisic
50%
3 Portugal Ramos
50%
1 Angleterre Foden
49%
3 Angleterre Rashford
49%
2 Iran Taremi
45%
1 Brésil Vinicius
45%
2 Cameroun Aboubakar
44%
1 Maroc Ziyech
43%
2 Portugal Fernandes
42%
1 Argentine Fernandez
41%
3 Portugal Leão
41%
1 Canada Davies
40%
1 Tunisie Khazri
40%
1 Croatie Perisic
39%
1 Sénégal Dia
38%
1 Mexique Martin
38%
2 Pays-Bas Weghorst
38%
1 Pays-Bas De Jong
37%
2 Allemagne Havertz
37%
1 Angleterre Grealish
35%
1 USA Weah
34%
1 Sénégal Koulibaly
33%
2 Serbie Mitrovic
33%
1 Angleterre Sterling
32%
1 Espagne Torres
32%
2 Suisse Embolo
31%
2 Maroc En-Nesyri
31%
1 Allemagne Gnabry
31%
2 Croatie Kramaric
31%
1 Argentine Molina
30%
1 Brésil Paqueta
30%
1 Sénégal Sarr
30%
1 Suisse Shaqiri
30%
1 Brésil Casemiro
28%
2 Corée du Sud Cho
28%
2 Allemagne Fullkrug
28%
1 Corée du Sud Kim
28%
1 Serbie Vlahovic
27%
1 Ghana Ayew
26%
1 Portugal Pepe
26%
2 Arabie saoudite Al-Dawsari
25%
1 Cameroun Choupo-Moting
25%
1 Pays-Bas Dumfries
24%
1 Angleterre Henderson
24%
1 Espagne Olmo
22%
1 Maroc Saiss
21%
1 Espagne Asensio
20%
1 Belgique Batshuayi
20%
1 Pays-Bas Blind
20%
1 Danemark Christensen
20%
1 Allemagne Gündogan
20%
1 Croatie Gvardiol
20%
2 Ghana Kudus
20%
1 Argentine Mac Alister
18%
1 Serbie Milinkovic-Savic
18%
1 Pologne Zielinski
18%
1 Équateur Caicedo
17%
1 Maroc Aboukhlal
16%
1 Suisse Akanji
16%
1 Croatie Orsic
16%
1 Sénégal Dieng
15%
1 Australie Goodwin
15%
2 Croatie Petkovic
15%
1 Croatie Majer
14%
2 Japon Doan
13%
1 Portugal Guerreiro
13%
1 Espagne Soler
13%
1 Maroc Dari
12%
1 Corée du Sud Hwang
11%
1 Pays-Bas Klaasen
11%
1 Mexique Chavez
10%
1 Japon Maeda
10%
1 Japon Asano
8%
1 Australie Duke
8%
1 Croatie Livaja
8%
1 Qatar Muntari
8%
1 Cameroun Casteletto
7%
1 Portugal Horta
7%
1 Australie Leckie
7%
1 Serbie Pavlovic
7%
1 Ghana Bukari
6%
2 Uruguay De Arascaeta
5%
1 Suisse Freuler
5%
1 Costa Rica Fuller
5%
1 Ghana Salisu
5%
1 USA Wright
5%
1 Arabie saoudite Al-Shehri
4%
1 Japon Tanaka
4%
1 Costa Rica Tejeda
4%
1 Iran Cheshmi
3%
1 Corée du Sud Paik
3%
1 Iran Rezaeian
3%
1 Sénégal Diedihou
2%
1 Costa Rica Juan Vargas
0%
Aucun quiz correspondant
Distribution des résultats
% des personnes avec chaque résultat
Percentile par nombre de réponses
Votre historique - résultats
Vous n’avez pas pris ce quiz